| 000 | 01531nam0a2200325 i 4500 | ||
|---|---|---|---|
| 001 | RU\NLR\BIBL_A\010654638 | ||
| 005 | 20260601073203.0 | ||
| 010 |
_a9785828507061 _9300 |
||
| 021 |
_aRU _b2014-89747 _95449 |
||
| 035 | _a(NILC)RuMoRGB-007829787 | ||
| 035 | _a(NLR Aleph) 010654638 | ||
| 090 |
_a10720563 _c10720563 |
||
| 100 | _a20150128d2014 u y0rusy50 ca | ||
| 101 | 0 | _arus | |
| 102 | _aRU | ||
| 105 | _ay|||z|||000yy | ||
| 200 | 1 |
_aХудожественная онтология Дмитрия Мережковского: в поисках визуализации бытия _eмонография _fФ. Т. Ахунзянова _gМ-во образования и науки Российской Федерации, Костромской гос. технологический ун-т |
|
| 210 |
_aКострома _cИзд-во КГТУ _d2014 |
||
| 215 |
_a155 с. _d21 |
||
| 320 | _aБиблиогр.: с. 137-155 | ||
| 600 | 1 |
_aМережковский _bД. С. _f1866 - 1941 _gДмитрий Сергеевич _xМировоззрение _92216977 _3RU\NLR\AUTH\6601564902 |
|
| 686 | 2 | _aШ5(2=Р)53-4Мережковский | |
| 700 | 1 |
_aАхунзянова _bФ. Т. _gФарида Тагировна |
|
| 702 | 1 |
_4570 _8rus _7ca _aМережковский _bД. С. _f1866-1941 _gДмитрий Сергеевич _3RU\NLR\AUTH\7719550 _92622 |
|
| 801 | 0 |
_aRU _bРГБ _c20141127 _gRCR |
|
| 942 | _cBOOK | ||
| 980 | _aNBR | ||